Lord of the Mysteries - The Tyrant Pathway - Statistics

General Stats
  • This quiz has been taken 20 times
  • The average score is 8 of 10
Answer Stats
Sequence Number Name of Potion % Correct
Sequence 9 Sailor
100%
Sequence 0 The Tyrant
100%
Sequence 6 Wind-blessed
88%
Sequence 5 Ocean Songster
82%
Sequence 3 Sea King
76%
Sequence 8 Folk Of Rage
71%
Sequence 2 Calamity
65%
Sequence 4 Cataclysmic Interrer
65%
Sequence 7 Seafarer
65%
Sequence 1 Thunder God
65%
No matching quizzes found
Score Distribution
Percent of People with Each Score
Percentile by Number Answered
Your Score History
You have not taken this quiz